000 00361nam a2200133Ia 4500
008 151001s9999||||xx |||||||||||||| ||und||
100 _aशर्मा क्षीरसागर
245 _aवायुयान की कहानी
250 _a1
260 _bअपराजिता
260 _c2005
300 _a48
365 _b24
999 _c989239
_d989236